<?xml version="1.0" encoding="UTF-8"?>
<collection xmlns="http://www.loc.gov/MARC21/slim">
 <record>
  <leader>00621cam a2200169 7i4500</leader>
  <controlfield tag="001">0000025403</controlfield>
  <controlfield tag="005">20050728090000.0</controlfield>
  <datafield tag="020" ind1="#" ind2="0">
   <subfield code="a">9971692155 (pbk.) </subfield>
  </datafield>
  <datafield tag="090" ind1="0" ind2="0">
   <subfield code="a">KPP 112 </subfield>
   <subfield code="b">S282</subfield>
  </datafield>
  <datafield tag="100" ind1="1" ind2="#">
   <subfield code="a">Scalise </subfield>
  </datafield>
  <datafield tag="245" ind1="1" ind2="0">
   <subfield code="a">Intellectual property protection reform : </subfield>
   <subfield code="b">theory, evidence and policy  </subfield>
   <subfield code="c">Craig T. Scalise.</subfield>
  </datafield>
  <datafield tag="260" ind1="#" ind2="#">
   <subfield code="a">Singapore: </subfield>
   <subfield code="b">Singapore University Press, </subfield>
   <subfield code="c">1999.</subfield>
  </datafield>
  <datafield tag="300" ind1="#" ind2="#">
   <subfield code="a">xiii, 69 p.: </subfield>
   <subfield code="b">ill.; </subfield>
   <subfield code="c">22 cm..</subfield>
  </datafield>
  <datafield tag="650" ind1="0" ind2="0">
   <subfield code="a">Intellectual property -- </subfield>
   <subfield code="z">Singapore </subfield>
  </datafield>
  <datafield tag="650" ind1="0" ind2="0">
   <subfield code="a">Copyright -- </subfield>
   <subfield code="x">Computer programs -- </subfield>
   <subfield code="z">Singapore </subfield>
  </datafield>
  <datafield tag="710" ind1="2" ind2="1">
   <subfield code="a">National University of Singapore </subfield>
  </datafield>
  <datafield tag="999" ind1=" " ind2=" ">
   <subfield code="a">1100013761</subfield>
   <subfield code="b">Book</subfield>
   <subfield code="c">Open Shelf</subfield>
   <subfield code="e">KOLEKSI TERBUKA</subfield>
  </datafield>
 </record>
</collection>
